| 000 | 00322 a2200109 4500 | ||
|---|---|---|---|
| 005 | 20250917115800.0 | ||
| 020 | _a9789365897388 | ||
| 100 |
_aSabesan K. _9213155 |
||
| 245 | _aGenerative AI For Everyone: Deep Learning, NLP, And LLMs For Creative And Practical Applications | ||
| 260 |
_bBPB Publications _c2025 |
||
| 942 | _cAR | ||
| 999 |
_c367831 _d367831 |
||